| 000 | 00929nam a2200217Ia 4500 | ||
|---|---|---|---|
| 003 | IN-BaIIA | ||
| 008 | 211028s9999 xx 000 0 eng d | ||
| 020 | _a0-7923-4135-X | ||
| 040 | _cIIA Library | ||
| 080 |
_a52(082.1) _bASS-206 |
||
| 111 |
_aWorkshop Celebrating the 25th Anniversary of the Westerbork Synthesis Radio Telescope _cHoogeveen _d1995 Aug. 28-30 _920784 |
||
| 245 | 0 |
_aCold gas at high redshift _bproceediings of a Workshop celebrating the 25th anniversary of the westerbork synthesis radio Telescope, held in Hoogeveen, The Netherlands, August 28-30, 1995 _cedited by M.N. Bremer, P.P. Werf, H.J.A. Röttgering, and C.L. Carilli. |
|
| 260 |
_aDordrecht _bKluwer Academic _c1996 |
||
| 300 | _a[various pagings.] | ||
| 650 |
_aCold gas _920785 |
||
| 650 |
_aRedshift _98391 |
||
| 700 |
_aBremer, M. N., ed. _920786 |
||
| 700 |
_aRottgering, H. J. A _920787 |
||
| 700 |
_aVan der Werf, P. P. _916321 |
||
| 942 | _cBK | ||
| 999 |
_c11950 _d11950 |
||